विश्व के महान वैज्ञानिक; (Record no. 68437)

MARC details
000 -LEADER
fixed length control field 02477nam a22003257a 4500
005 - DATE AND TIME OF LATEST TRANSACTION
control field 20120717125539.0
008 - FIXED-LENGTH DATA ELEMENTS--GENERAL INFORMATION
fixed length control field 120717t xxu||||| |||| 00| 0 hin d
010 ## - LCCN (DPL NO)
LC control number B-472122-125
020 ## - INTERNATIONAL STANDARD BOOK NUMBER
Terms of availability 250.00
International Standard Book Number 9788170284628
035 ## - SYSTEM CONTROL NUMBER
System control number B-472122-125
037 ## - SOURCE OF ACQUISITION
Source of stock number/acquisition विर्चुअस पब्लिकेशंस
040 ## - CATALOGING SOURCE
Original cataloging agency DPL
Language of cataloging HN
082 ## - DEWEY DECIMAL CLASSIFICATION NUMBER
Classification number 509.2
100 ## - MAIN ENTRY--PERSONAL NAME
9 (RLIN) 24598
Personal name केन,फिलिप
245 ## - TITLE STATEMENT
Title विश्व के महान वैज्ञानिक;
Statement of responsibility, etc फिलिप केन;लाजपतराय द्दारा अनुवादित
Remainder of title विश्व प्रसिद्द महान वैज्ञानिकों के जीवन और अनुसंधानों का सचित्र परिचय /
246 ## - VARYING FORM OF TITLE
Title proper/short title Vishv ke Mahan Veginik
Remainder of title by Philip Kain
260 ## - PUBLICATION, DISTRIBUTION, ETC. (IMPRINT)
Place of publication, distribution, etc दिल्ली
Name of publisher, distributor, etc राजपाल एण्ड संस
Date of publication, distribution, etc 2011
270 ## - ADDRESS
City दिल्ली
Address कश्मीरी गेट
Postal code 110006
300 ## - PHYSICAL DESCRIPTION
Extent 280पृ.
Dimensions 22सेमी (सजिल्द)
650 ## - SUBJECT ADDED ENTRY--TOPICAL TERM
9 (RLIN) 1169
650 ## - SUBJECT ADDED ENTRY--TOPICAL TERM
9 (RLIN) 29580
700 ## - ADDED ENTRY--PERSONAL NAME
9 (RLIN) 24599
Personal name लाजपतराय
700 ## - ADDED ENTRY--PERSONAL NAME
9 (RLIN) 24924
942 ## - ADDED ENTRY ELEMENTS (KOHA)
Source of classification or shelving scheme Dewey Decimal Classification
Item type Hindi Books
Call number suffix केनफि
Classification part 509.2
Holdings
Withdrawn status Lost status Source of classification or shelving scheme Damaged status Not for loan Collection code Home library Current library Date acquired Source of acquisition Cost, normal purchase price Total Checkouts Full call number Barcode Date last seen Copy number Cost, replacement price Koha item type Total Renewals
  Written-off vide DLB M. No. 383 dt 16.05.19 Dewey Decimal Classification     Non-fiction Central Library Central Library 17/07/2012 विर्चुअस पब्लिकेशंस/1594/27.03.12/38/20.03.12/30.03.12 250.00   509.2 केनफि B-472122 17/07/2012 1 250.00 Hindi Books  
    Dewey Decimal Classification     Non-fiction Patel Nagar Patel Nagar 17/07/2012 विर्चुअस पब्लिकेशंस/1594/27.03.12/38/20.03.12/30.03.12 250.00 15 509.2 केनफि B-472123 14/10/2023 1 250.00 Hindi Books 3
    Dewey Decimal Classification       Patel Nagar Patel Nagar 17/07/2012 विर्चुअस पब्लिकेशंस/1594/27.03.12/38/20.03.12/30.03.12 250.00 1 509.2 केनफि B-472125 19/08/2018 1 250.00 Hindi Books  
    Dewey Decimal Classification     Non-fiction Sarojini Nagar Sarojini Nagar 17/07/2012 विर्चुअस पब्लिकेशंस/1594/27.03.12/38/20.03.12/30.03.12 250.00   509.2 केनफि B-472124 17/07/2012 1 250.00 Hindi Books  

© Delhi Public Library
Hit Counter
free hit counter